Los 68: encuentro de muchas historias y culminación /

Guardat en:
Dades bibliogràfiques
Autor principal: Pozas Horcasitas, Ricardo
Format: Text
Etiquetes: Afegir etiqueta
Sense etiquetes, Sigues el primer a etiquetar aquest registre!

MARC

LEADER 00000 a a2200000 04500
001 46261
003
040
100 |a Pozas Horcasitas, Ricardo  
245 |a Los 68:   |b encuentro de muchas historias y culminación /  |c Ricardo Pozas Horcasitas  
773 |g volumen22, número43 ( , 2014), páginas 19-54  
999 |c 28860  |d 28860